| 000 | 01234cam a2200337 4500 | ||
|---|---|---|---|
| 001 | 51076 | ||
| 003 | BD-RJUL | ||
| 005 | 20211209075616.0 | ||
| 008 | 160829s1971 nyu bs 000 0 eng | ||
| 035 | _aBD-RJUL 51196 | ||
| 035 | _a(OCoLC)00140538 | ||
| 035 | _aGLIS00366007 | ||
| 040 |
_aDLC _cDLC _dMYG _beng |
||
| 041 | _aeng | ||
| 082 |
_223 _a330.986607 _bGIF 1952 |
||
| 090 |
_aHF3436.5 _b.G448 1971 |
||
| 099 | _aHF3436.5.G448 1971 | ||
| 100 | 1 |
_aGibson, Charles R. _q(Charles Robert), _d1936- _9152792 |
|
| 245 | 1 | 0 |
_aForeign trade in the economic development of small nations : _bthe case of Ecuador / _c[by] Charles R. Gibson. |
| 260 |
_aNew York : _bPraeger, _c[1971] |
||
| 300 |
_axxii, 327 p. : _bill. ; _c25 cm. |
||
| 490 | 1 | _aPraeger special studies in international economics and development | |
| 500 | _aA revision of the author's thesis, University of Pennsylvania, 1968. | ||
| 504 | _aBibliography: p. [315]-327. | ||
| 651 | 0 |
_aEcuador _xCommerce. _9152793 |
|
| 651 | 0 |
_aEcuador _xEconomic conditions _y1918-1972. _9152794 |
|
| 830 | 0 |
_aPraeger special studies in international economics and development. _9152823 |
|
| 942 |
_2ddc _cBK |
||
| 949 |
_aMYGD _b39080004750631 |
||
| 999 |
_c51076 _d51076 |
||